Armies in homeland security: American and European perspectives

Bibliographic Details
Other Authors: Clarke, John L. (Editor)
Format: Book
Language:English
PhysicalDescription:vii, 251 s. tab. 23 cm
Published: Washington National Defense University Press 2006
ISBN:0160768128 (brož.)
Edition:1st print.
Subjects:

MARC

LEADER 00000nam a2200000 a 4500
001 vtls008953347
003 SK-MaSNL
005 20260302075653.0
008 070308s2006 xxul g 000 0 eng
020 |a 0160768128 (brož.) 
040 |a SNK  |b slo  |c SNK  |e AACR2 
041 0 |a eng 
043 |a n-us---  |a e------ 
044 |a xxu  |c US 
072 7 |a 355/359  |x Vojenstvo. Obrana krajiny. Ozbrojené sily  |2 konspekt 
080 |a 355.58  |2 2001 
080 |a 355.13  |2 2001 
080 |a 355.1  |2 2001 
080 |a 355.02  |2 2001 
080 |a (73)  |2 2001 
080 |a (4)  |2 2001 
080 |a (048.8)  |2 2001 
245 0 0 |a Armies in homeland security: American and European perspectives  |c edited by John L. Clarke 
250 |a 1st print. 
260 |a Washington  |b National Defense University Press  |c 2006 
300 |a vii, 251 s.  |b tab.  |c 23 cm 
504 |a Obsahuje bibliogr. odkazy 
650 0 7 |a civilná ochrana  |2 SNKPH  |9 21936 
650 0 7 |a civilno-vojenské vzťahy  |2 SNKPH  |9 742813 
650 0 7 |a armáda  |x organizácia  |2 SNKPH  |9 742814 
650 0 7 |a ozbrojené sily  |2 SNKPH  |9 1644 
650 0 7 |a národná bezpečnosť  |2 SNKPH  |9 78003 
651 7 |a Spojené štáty americké  |2 SNKPH  |9 18262 
651 7 |a Európa  |2 SNKPH  |9 167569 
655 7 |a monografie  |2 SNKPH  |9 70139 
700 1 |a Clarke, John L.  |4 edt  |9 742815 
919 |a 0-16-076812-8 
999 |c 1170113  |d 1172043 
952 |a SNK  |b SNK  |y VYP  |7 0  |p 17A0544678  |o snkIC 134733  |i snk2007/8455  |8 2  |g 19.92  |0 0  |1 0  |4 0  |d 2007-03-08  |l 0  |r 2026-02-24 21:01:18  |w 2026-02-24